Environment of the Public Administration

Guardado en:
Detalles Bibliográficos
Autor principal: Černěnko, Tomáš, 1981-
Formato: Capítulo de libro
Lenguaje:inglés
eslovaco
Materias:
Etiquetas: Agregar Etiqueta
Sin Etiquetas, Sea el primero en etiquetar este registro!

MARC

LEADER 00000naa$a2200000$$$4500
001 0149607
005 20240605104118.9
041 0 |a eng 
041 0 |a slo 
044 |a CZ 
245 1 0 |a Environment of the Public Administration  |c Tomáš Černěnko 
500 |a Abstrakt 
610 2 0 |a správa verejná 
610 2 0 |a efektívnosť 
610 2 0 |a výkonnosť 
100 1 |a Černěnko, Tomáš, 1981-